Victorian popularizers of science : designing nature for new audiences /

Bibliographic Details
Main Author: Lightman, Bernard V., 1950-
Format: Book
Language:English
Published: Chicago : University of Chicago Press, 2007.
Subjects:
Online Access:Table of contents only
Publisher description

MARC

Tag First Indicator Second Indicator Subfields
LEADER 00000pam a22000004a 4500
001 in00002351421
005 20151108061030.0
008 070410s2007 ilua b 001 0 eng
010 |a  2007015179 
015 |a GBA770476  |2 bnb 
016 7 |a 013833389  |2 Uk 
020 |a 9780226481180 (cloth : alk. paper) 
020 |a 0226481182 (cloth : alk. paper) 
035 |a (OCoLC)ocn123029811 
035 |a (OCoLC)123029811 
040 |a DLC  |c DLC  |d YDX  |d BAKER  |d BTCTA  |d UKM  |d YDXCP  |d UtOrBLW 
043 |a e-uk--- 
049 |a TXAM 
050 0 0 |a Q127.G4  |b L54 2007 
082 0 0 |a 509.41/09034  |2 22 
100 1 |a Lightman, Bernard V.,  |d 1950- 
245 1 0 |a Victorian popularizers of science :  |b designing nature for new audiences /  |c Bernard Lightman. 
264 1 |a Chicago :  |b University of Chicago Press,  |c 2007. 
300 |a xvi, 545 pages :  |b illustrations ;  |c 24 cm. 
336 |a text  |b txt  |2 rdacontent 
337 |a unmediated  |b n  |2 rdamedia 
338 |a volume  |b nc  |2 rdacarrier 
504 |a Includes bibliographical references (pages 503-533) and index. 
505 0 |a Historians, popularizers, and the Victorian scene -- Anglican theologies of nature in a post-Darwinian era -- Redefining the maternal tradition -- The showmen of science : wood, pepper, and visual spectacle -- The evolution of the evolutionary epic -- The science periodical : Proctor and the conduct of "knowledge" -- Practitioners enter the field : Huxley and Ball as popularizers -- Science writing on New Grub Street -- Conclusion: Remapping the terrain. 
650 0 |a Science  |z Great Britain  |x History  |y 19th century. 
650 0 |a Technical writing  |z Great Britain  |x History  |y 19th century. 
651 0 |a Great Britain  |x Social conditions  |y 19th century. 
856 4 1 |3 Table of contents only  |u http://www.loc.gov/catdir/enhancements/fy0714/2007015179-t.html  |t 0 
856 4 2 |3 Publisher description  |u http://www.loc.gov/catdir/enhancements/fy0732/2007015179-d.html  |t 0 
938 |a Baker & Taylor  |b BKTY  |c 45.00  |d 45.00  |i 0226481182  |n 0007226434  |s active 
938 |a Baker and Taylor  |b BTCP  |n BK0007226434 
938 |a YBP Library Services  |b YANK  |n 2601376 
945 |a PromptCat  |b 290894 
946 |a stk 
947 |a A14836527540 
994 |a 92  |b TXA 
948 |a cataloged  |b h  |c 2007/12/20  |d c  |e jlanham  |f 2:22:50 pm 
999 |a MARS 
999 f f |s 15b3491b-58d7-3d6a-b216-1d223a0829fd  |i 830ac086-1305-34f6-a51b-ea64ab1e9178  |t 0 
952 f f |p normal  |a Texas A&M University  |b College Station  |c Sterling C. Evans Library  |d Evans: Library Stacks  |t 0  |e Q127.G4 L54 2007  |h Library of Congress classification  |i unmediated -- volume  |m A14836527540 
998 f f |a Q127.G4 L54 2007  |t 0  |l Evans: Library Stacks